Introducción al análisis matemático de una variable

Kaydedildi:
Detaylı Bibliyografya
Yazar: Bartle, Robert Gardner, 1927-
Diğer Yazarlar: Sherbert, Donald R
Materyal Türü: Kitap
Dil:Spanish
Baskı/Yayın Bilgisi: México : Limusa, c1996.
Edisyon:2
Konular:
Etiketler: Etiketle
Etiket eklenmemiş, İlk siz ekleyin!

MARC

LEADER 00000nam a2200000Ia 4500
003 000427
005 20221231144024.0
008 140114s1996 mx a 000 ||spa d
040 |c cru CEDI 
082 |a 515 B298in2 
100 |a Bartle, Robert Gardner, 1927-  |9 19895 
245 |a Introducción al análisis matemático de una variable 
250 |a 2 
260 |a México : Limusa,   |c c1996. 
300 |a 441 páginas 
500 |a Traduccion de: Introduction to real analysis. 
650 |x ANALISIS MATEMATICO  |9 19897 
700 |9 19896  |a Sherbert, Donald R 
942 |2 ddc  |c BK 
999 |c 15726  |d 15726